| 000 | 00693nam a2200205Ii 4500 | ||
|---|---|---|---|
| 003 | JO-AjNU | ||
| 008 | 230605s9999||||xx |||||||||||||| ||und|| | ||
| 040 |
_aJO-AjNU _bara _erda _cJO-AjNU |
||
| 041 | _aara | ||
| 050 | 1 | 4 | _aBP189.Z372 1979 |
| 100 | 3 |
_aخشيم، علي فهمي, _eauthor _915769 |
|
| 245 | 0 | 0 | _aكتاب الإعانة |
| 264 | 3 | 1 | _aليبيا- تونس: الدار العربية للكتاب، 1979 |
| 300 |
_a119ص _bجداول الموضوعات ص 107-118 |
||
| 336 |
_atext _btxt _2rdacontent |
||
| 337 |
_aunmediated _bn _2rdamedia |
||
| 338 |
_avolume _bnc _2rdacarrier |
||
| 490 | 0 | _aالمكتبة الزروقية | |
| 650 | 4 |
_aالتصوف الاسلامي _915770 |
|
| 999 |
_aA4530 _c8098 _d8098 |
||